00523nam a2200157 a 450000100100000000500170001000800410002702000230006804000250009124500460011626000390016230000170020150000250021895201050024399900170034800003812320201002031159.0130314s1987 dr a 000 0 spa d a8476011008 (Vol.1) aDO-SdBNPbspacBNPHU00aEnciclopedia temática de informática. aMadrid :bEdiciones Naveco,c1987. av. ;c28 cm. aTexto a dos columnas 0010718PDaPDbPDcCTd2013-03-14iLF1l0o p38123-10r2020-06-25w2020-06-25yLFPDZNo se presta c37613d37613